000 00580nam a2200205Ia 4500
003 OSt
005 20220928133316.0
006 a|||||r|||| 00| 0
007 ta
008 220927b |||||||| |||| 00| 0 eng d
024 _a41586
037 _cReference Collections
040 _aSDCL
_cSDCL
_beng
041 _2eng
_aeng
082 _awan1N52, L1 RR
245 0 _aINTERNATIONAL BIBLIOGRAPHY of the social science.
260 _aLondon
_bTavistock Publications
_c1971
942 _hwan1N52, L1 RR
_cREF
_2CC
999 _c799179
_d799179